[Event "Challenge"]
[Site "http://www.queenalice.com/game.php?id=874002"]
[Date "2010.12.19"]
[Round "-"]
[White "Brisbrain"]
[Black "Follower"]
[Result "1-0"]
[WhiteElo "1545"]
[BlackElo "1401"]

1. c4 Nc6 2. Nc3 Nf6 3. g3 e5 4. Bg2 Nb4 5. e3 h5 6. d4 exd4 7. exd4 d6 8. Nf3
Ng4 9. O-O Be6 10. Re1 a5 11. d5 a4 12. dxe6 fxe6 13. a3 Nc6 14. Nxa4 d5 15.
cxd5 Nb8 16. Rxe6+ Kf7 17. Ng5+ Kg8 18. Qf3 Rxa4 19. Qf7# 1-0

[Event "Challenge"]
[Site "http://www.queenalice.com/game.php?id=892328"]
[Date "2011.1.28"]
[Round "-"]
[White "chess60"]
[Black "Follower"]
[Result "0-1"]
[WhiteElo "1511"]
[BlackElo "1439"]

1. e4 e5 2. Nf3 Nc6 3. Bb5 Nf6 4. Nc3 a6 5. Bxc6 bxc6 6. Nxe5 Rb8 7. O-O a5 8.
d3 Bd6 9. Ng4 Nh5 10. Re1 Rb4 11. e5 Bc5 12. a3 Rb8 13. Na4 Bd4 14. Bd2 Rb5 15.
c3 Ba7 16. Be3 Bb8 17. c4 Rb7 18. Bd2 f5 19. Ne3 Nf4 20. Bxa5 Ra7 21. Bb4 Qg5
22. g3 Nh3+ 23. Kg2 Qh6 24. Nxf5 Qg5 25. Nxg7+ Qxg7 26. Kxh3 Qh6+ 27. Kg2 d5 28.
exd6+ Kd8 29. h4 Rg8 30. dxc7+ Rxc7 31. Re4 Rf7 32. Rd4+ Ke8 33. Qe2+ Be6 34.
Re4 Rf6 35. Nc5 Kf7 36. Rh1 Bf5 37. Rf4 Bxf4 38. Bc3 Rfg6 39. Qf3 Ke7 40. Re1+
Kd6 41. Ne4+ Kc7 42. Rh1 Kd7 43. h5 Rg4 44. Nf6+ Kd6 45. Nxg8 Rxg8 46. Rh4 Bg5
47. Rd4+ Ke6 48. Qxc6+ Kf7 49. Qd5+ Qe6 50. Qb7+ Qe7 51. Qxe7+ Kxe7 52. f4 Bf6
53. Rd5 Bg4 54. Bxf6+ Kxf6 55. a4 Re8 56. Rg5 Re2+ 57. Kf1 Bf3 58. Re5 Rxb2 59.
d4 Rc2 60. c5 Ra2 61. Re3 Bg2+ 62. Kg1 Kf5 63. Re7 h6 64. c6 Kg4 65. c7 Kxg3 66.
c8=Q Ra1+ 67. Re1 Rxe1# 0-1

[Event "Challenge"]
[Site "http://www.queenalice.com/game.php?id=892330"]
[Date "2011.1.28"]
[Round "-"]
[White "lucascardoso"]
[Black "Follower"]
[Result "0-1"]
[WhiteElo "1173"]
[BlackElo "1416"]

1. e4 Nf6 2. Bb5 c6 3. Ba4 b5 4. Bb3 Nxe4 5. d3 Nf6 6. Qd2 d5 7. Qc3 Na6 8. Bf4
d4 9. Qxd4 Qxd4 10. g3 Qxb2 11. h4 Qxa1 12. h5 Qxb1+ 13. Kd2 Qf1 14. d4 Ne4+ 0-1

[Event "Challenge"]
[Site "http://www.queenalice.com/game.php?id=896312"]
[Date "2011.2.5"]
[Round "-"]
[White "Vonrunstedt"]
[Black "Follower"]
[Result "1-0"]
[WhiteElo "1472"]
[BlackElo "1401"]

1. e4 e5 2. f4 exf4 3. Nf3 Nc6 4. Bc4 Nf6 5. Nc3 b6 6. O-O a6 7. a4 Bc5+ 8. d4
Bb4 9. Ng5 Rf8 10. e5 Ng8 11. Bxf7+ Rxf7 12. Nxf7 Kxf7 13. Rxf4+ Ke8 14. Qh5+ g6
15. Qxh7 Nce7 16. Qf7# 1-0

[Event "Challenge"]
[Site "http://www.queenalice.com/game.php?id=896715"]
[Date "2011.2.6"]
[Round "-"]
[White "isabcisz"]
[Black "Follower"]
[Result "0-1"]
[WhiteElo "1408"]
[BlackElo "1450"]

1. e4 e5 2. Nf3 f6 3. Nc3 c5 4. Bc4 Nh6 5. O-O d6 6. d3 a6 7. Be3 g5 8. Nd5 b5
9. Bb3 Nc6 10. c4 bxc4 11. dxc4 a5 12. Ba4 Qd7 13. Nxf6+ Ke7 14. Nxd7 Kxd7 15.
Bxc5 Kc7 16. Ba3 Ba6 17. b3 Rg8 18. Qd5 Ng4 19. Qxc6+ Kb8 20. Bxd6+ Bxd6 21.
Qxd6+ Kb7 22. Nxe5 Rgd8 23. Qc6+ Kb8 24. Nd7+ Rxd7 0-1

[Event "Challenge"]
[Site "http://www.queenalice.com/game.php?id=896918"]
[Date "2011.2.6"]
[Round "-"]
[White "lucascardoso"]
[Black "Follower"]
[Result "0-1"]
[WhiteElo "1180"]
[BlackElo "1409"]

1. e4 Nc6 2. Qh5 g6 3. Qd5 e6 4. Qd3 Nb4 5. Qc4 Nc6 6. d4 a6 7. f4 b5 8. Qe2
Nxd4 9. Qe3 Nxc2+ 10. Ke2 Nxa1 11. b4 Bxb4 0-1

[Event "Challenge"]
[Site "http://www.queenalice.com/game.php?id=912096"]
[Date "2011.3.13"]
[Round "-"]
[White "Follower"]
[Black "Tisato"]
[Result "0-1"]
[WhiteElo "1460"]
[BlackElo "1611"]

1. d4 c6 2. Nc3 d5 3. Nf3 Bf5 4. h3 e6 5. h4 Nf6 6. e3 Bd6 7. a3 Qa5 8. h5 Bxa3
9. bxa3 Qxc3+ 10. Bd2 Qb2 11. Qb1 Qxb1+ 12. Rxb1 Bxc2 13. Rxb7 O-O 14. Ne5 Ne4
15. Bb4 c5 16. Ba5 c4 17. h6 g6 18. Rh4 c3 19. g3 Bb1 20. Kd1 c2+ 21. Kc1 Nxf2
22. Rf4 Nd1 23. g4 Nxe3 24. Bb5 f5 25. gxf5 Rxf5 26. Re7 Rxf4 27. Rg7+ Kh8 28.
Nf7+ Rxf7 29. Rxf7 Kg8 30. Re7 a6 31. Be2 Nc6 32. Rg7+ Kh8 33. Bb6 Nf5 34. Rc7
Ncxd4 35. Bg4 Nb3+ 36. Kb2 Nbd4 37. a4 Ne3 38. Bh3 Nc4+ 39. Kc3 c1=Q+ 40. Kxd4
Qd2+ 41. Kc5 Qe3+ 42. Kc6 Qxb6+ 43. Kd7 Qd6# 0-1

[Event "Challenge"]
[Site "http://www.queenalice.com/game.php?id=912097"]
[Date "2011.3.13"]
[Round "-"]
[White "elea"]
[Black "Follower"]
[Result "1-0"]
[WhiteElo "1512"]
[BlackElo "1464"]

1. Nf3 Nc6 2. g3 Nf6 3. Bg2 e5 4. c3 g6 5. d4 d6 6. O-O h6 7. e3 e4 8. Nfd2 Bg4
9. Qc2 Be2 10. Re1 Bd3 11. Qd1 d5 12. Na3 Qd7 13. f3 exf3 14. Bxf3 h5 15. e4
dxe4 16. Bxe4 Kd8 17. Bxd3 Ng4 18. h3 Nf6 19. Qb3 Qxh3 20. Qxb7 Qxg3+ 21. Kf1
Qxd3+ 22. Re2 Qf5+ 23. Ke1 Rb8 24. Qxc6 Rb6 25. Qa8+ Kd7 26. Qxa7 Qg4 27. Ndc4
Qg1+ 28. Kd2 Qg5+ 29. Ne3 Ne4+ 30. Kd3 Ng3 31. Rg2 h4 32. Nac4 h3 33. Nxb6+ Kd8
34. Qb8+ Ke7 35. Ned5+ Kd6 36. Bxg5 Nf5 37. Qxc7+ Ke6 38. Re1+ Ne3 39. Qd7# 1-0

[Event "Challenge"]
[Site "http://www.queenalice.com/game.php?id=918120"]
[Date "2011.3.27"]
[Round "-"]
[White "tcmaclei"]
[Black "Follower"]
[Result "1-0"]
[WhiteElo "1625"]
[BlackElo "1460"]

1. Nf3 c5 2. Nc3 Nc6 3. e4 e5 4. Bc4 a6 5. d3 Qa5 6. Bd2 Nf6 7. Nd5 Qa4 8. Bb3
Qb5 9. a4 Qb4 10. Nxb4 d6 11. Nxc6 bxc6 12. Ng5 Bg4 13. Bxf7+ Kd7 14. Nf3 Ke7
15. Bc4 Rb8 16. Rb1 Rb6 17. b4 Rb7 18. bxc5 Ra7 19. cxd6+ Kxd6 20. Bb4+ c5 21.
Ba3 Bd7 22. Rb6+ Ke7 23. Bxc5+ Ke8 24. Rb8+ Bc8 25. Rxc8+ Kd7 26. Bxa7 Kxc8 27.
Qb1 a5 28. Qb8+ Kd7 29. Nxe5+ Ke7 30. Bc5# 1-0

[Event "Challenge"]
[Site "http://www.queenalice.com/game.php?id=928838"]
[Date "2011.4.21"]
[Round "-"]
[White "los6enanitos"]
[Black "Follower"]
[Result "1-0"]
[WhiteElo "1531"]
[BlackElo "1482"]

1. e4 e5 2. Nf3 Nc6 3. d3 Nf6 4. g3 Ng4 5. Bh3 Nf6 6. b3 Bb4+ 7. c3 Ba5 8. Ba3
b5 9. b4 Bb6 10. d4 Nxe4 11. Qd3 Nd6 12. dxe5 Nc4 13. O-O O-O 14. Qd5 Nxa3 15.
Nxa3 a6 16. e6 fxe6 17. Bxe6+ dxe6 18. Qxc6 Rb8 19. Rad1 Qf6 20. Rfe1 Bb7 21.
Qxe6+ Kh8 22. Nd4 Rfe8 23. Qf5 Rf8 24. Qxf6 Rxf6 25. Re2 Rd8 26. Nac2 Bd5 27.
Na3 Bxa2 28. Rxa2 Rd5 29. Re2 Rf8 30. Rde1 Rdd8 31. Nac2 Kg8 32. Ne6 Rd3 33.
Nxf8 Kxf8 34. g4 c5 35. Re6 Bc7 36. g5 Rxc3 37. Re8+ Kf7 38. R1e7+ Kg6 39. Rxc7
Rxc2 40. h4 Kh5 41. Rxc5 Rb2 42. Re4 Rb1+ 43. Kg2 g6 44. Rc7 h6 45. Rh7 a5 46.
Rxh6# 1-0

[Event "Challenge"]
[Site "http://www.queenalice.com/game.php?id=928839"]
[Date "2011.4.21"]
[Round "-"]
[White "Dharis"]
[Black "Follower"]
[Result "1-0"]
[WhiteElo "1527"]
[BlackElo "1468"]

1. e4 Nf6 2. Nc3 e5 3. Nf3 Nc6 4. g3 Bc5 5. Bg2 O-O 6. Nxe5 Nxe5 7. d4 Bxd4 8.
Qxd4 Qe8 9. Bg5 h6 10. Bxf6 gxf6 11. f4 Ng4 12. h3 Ne5 13. Nd5 Qd8 14. fxe5 c6
15. Nxf6+ Kg7 16. Nh5+ Kg6 17. Qd6+ Kxh5 18. Bf3+ Kg5 19. h4# 1-0

[Event "Challenge"]
[Site "http://www.queenalice.com/game.php?id=928841"]
[Date "2011.4.21"]
[Round "-"]
[White "Gusmao"]
[Black "Follower"]
[Result "1-0"]
[WhiteElo "1564"]
[BlackElo "1468"]

1. e3 d5 2. Qh5 Nf6 3. Qf3 Bg4 4. Qf4 h6 5. h3 g5 6. Qd4 Nc6 7. Qd3 Nb4 8. Qc3
e6 9. hxg4 a5 10. a3 Ne4 11. Qb3 a4 12. Bb5+ c6 13. Bxa4 b5 14. axb4 bxa4 15.
Qc3 Nxc3 16. Nxc3 Bxb4 17. Nce2 Qc8 18. c3 Bc5 19. Nf3 f6 20. d4 Bb6 21. O-O Qa6
22. Ng3 Qd3 23. b3 Qxc3 24. Rb1 axb3 25. Bb2 Qc2 26. Rfc1 Qd3 27. Ne1 Qd2 28.
Rxc6 Bd8 29. Nf3 Qd3 30. Rbc1 Qa6 31. Rxa6 Rxa6 32. Nd2 Ra2 33. Rb1 Ba5 34. Nxb3
Bb4 35. Ra1 Rxb2 36. Ra8+ Kf7 37. Rxh8 Rxb3 38. Rxh6 Rb1+ 39. Kh2 Kg7 40. Rh5
Be1 41. Kg1 Rb2 42. Nh1 Kg6 43. Rh8 Kg7 44. Ra8 Rb1 45. Kh2 Kg6 46. f4 Rb3 47.
f5+ exf5 48. gxf5+ Kxf5 49. Ng3+ Kg4 50. Nf1 f5 51. g3 Rb2+ 52. Kh1 Kh3 53. Rh8+
Kg4 54. Rh2 Rb1 55. e4 fxe4 56. Kg2 Rb2+ 57. Kg1 Rb3 58. Rg2 Rb4 59. Nh2+ Kh3
60. g4 Rxd4 61. Re2 Bg3 62. Nf1 Rd1 63. Rg2 Be5 64. Rf2 e3 65. Re2 d4 66. Rg2 d3
67. Rh2+ 1-0

[Event "Challenge"]
[Site "http://www.queenalice.com/game.php?id=941412"]
[Date "2011.5.22"]
[Round "-"]
[White "Essejota"]
[Black "Follower"]
[Result "1-0"]
[WhiteElo "2000"]
[BlackElo "1468"]

1. e4 Nf6 2. e5 Ng8 3. Nf3 Nc6 4. d4 e6 5. Nc3 Bb4 6. Bd3 d6 7. O-O f6 8. Be3 f5
9. Ne2 b6 10. a3 Ba5 11. b4 Bxb4 12. axb4 Nxb4 13. Bc4 dxe5 14. Nxe5 Qd6 15. c3
Nc6 16. Nf4 a6 17. Qh5+ Ke7 18. Qf7+ Kd8 19. Qxg7 Nf6 20. Nf7+ Ke7 21. Nxd6+
Kxd6 22. Qxh8 Ne4 23. Qf8+ Ne7 24. Bxe6 Bb7 25. Qh6 c5 26. Bxf5+ Kc7 27. Qxh7
Kc6 28. Qxe7 Nd6 29. Qd7# 1-0